000 00640nam a2200181Ia 4500
008 090123s9999 xx 000 0 und d
082 _b15777
_a891.463/रांगणे
100 _aरांगणेकर कुमुदिनी
245 _aढगाळलेलं आकाश
250 _a2
260 _bशशीदिप प्रकाशन
_c1983
300 _a124
600 _aरांगणेकर कुमुदिनी
630 _aढगाळलेलं आकाश
700 _aरांगणेकर कुमुदिनी
730 _aढगाळलेलं आकाश
942 _cBOOK
999 _c53834
_d53834